Postavenie zeleného hospodárstva vo svetovej ekonomike a v Európskej únii diplomová práca

Salvato in:
Dettagli Bibliografici
Autore principale: Pálka, Juraj
Ente Autore: Fakulta medzinárodných vzťahov EU. Katedra medzinárodných ekonomických vzťahov a hospodárskej diplomacie
Altri autori: Černota, Mikuláš, 1979-
Natura: Libro
Lingua:slovacco
Pubblicazione: Bratislava 2017
Tags: Aggiungi Tag
Nessun Tag, puoi essere il primo ad aggiungerne!!

MARC

LEADER 00000nbm a2200000 4500
001 0232019
005 20180220155146.3
041 0 |a slo 
044 |a SK 
245 1 0 |a Postavenie zeleného hospodárstva vo svetovej ekonomike a v Európskej únii  |b diplomová práca  |c Juraj Pálka ; školiteľ: Mikuláš Černota 
264 1 |a Bratislava  |c 2017 
300 |a 91 s. 
100 1 |a Pálka, Juraj 
700 1 |a Černota, Mikuláš, 1979- 
710 2 |a Fakulta medzinárodných vzťahov EU. Katedra medzinárodných ekonomických vzťahov a hospodárskej diplomacie